Separácie uhľovodíkov kvapalinovou chromatografiou bakalárska práca

Enregistré dans:
Détails bibliographiques
Auteur principal: Rievajová, Gréta
Format: Livre
Langue:slovaque
Publié: Bratislava STU FCHPT 2017
Accès en ligne:Voir à l'OPAC
Tags: Ajouter un tag
Pas de tags, Soyez le premier à ajouter un tag!

MARC

LEADER 00000nam a2200000 a 4500
005 20260127134237.0
008 171204 2016 xo 001 0 slo d
035 |a vtls011725092 
039 9 |y 201712040911  |z mschk03 
040 |a STUSCHK1  |b slo  |c STUSCHK1  |e AACR2 
100 1 |a Rievajová, Gréta 
245 1 |a Separácie uhľovodíkov kvapalinovou chromatografiou  |b bakalárska práca  |c Gréta Rievajová 
260 |a Bratislava  |b STU FCHPT  |c 2017 
300 |a 50 s.  |b il.  |c 25 cm 
500 |a Študijný program: chémia, medínska chémia a chemické materiály 
500 |a Študijný odbor: chémia, chemické technológie 
500 |a Školiace pracovisko: Oddelenie organickej technológie, katalýzy a ropy 
500 |a Evid. číslo: FCHPT-13569-61278 
910 |a SCHK95 
999 |c 7682  |d 7682